| 000 | 004960000a22001690004500 | ||
|---|---|---|---|
| 090 |
_aAR _b02372 |
||
| 245 | 1 | 0 | _aEvaluation of a microchip marking system for amphibians and reptiles |
| 650 | 1 | 4 |
_aTécnicas de marcaje _994285 |
| 650 | 1 | 4 |
_aMarcaje de individuos _993707 |
| 650 | 1 | 4 |
_aHerpetología _98027 |
| 650 | 1 | 4 |
_aMicrochips _994336 |
| 041 | 0 | _aInglés | |
| 700 | 1 |
_aDixon, James R. _995910 |
|
| 100 | 1 |
_aCamper, Jeffrey D. _995911 |
|
| 942 | _cARTICULO | ||
| 773 | 1 |
_tPreprint _33 _q1-21 _d1980? |
|
| 999 |
_c11443 _d11443 |
||